If God Was a Banker (Record no. 168718)

MARC details
000 -LEADER
fixed length control field 00428nam a22001577a 4500
005 - DATE AND TIME OF LATEST TRANSACTION
control field 20191022143005.0
010 ## - LCCN (DPL NO)
LC control number B-215777
020 ## - INTERNATIONAL STANDARD BOOK NUMBER
International Standard Book Number 8129111470
Terms of availability 195.00
035 ## - SYSTEM CONTROL NUMBER
System control number B-215777
100 ## - MAIN ENTRY--PERSONAL NAME
Personal name Ravi Subramanian
245 ## - TITLE STATEMENT
Title If God Was a Banker
Statement of responsibility, etc Subramanian, Ravi
260 ## - PUBLICATION, DISTRIBUTION, ETC. (IMPRINT)
Place of publication, distribution, etc New Delhi
Name of publisher, distributor, etc Rupa & Co.
Date of publication, distribution, etc 2007
270 ## - ADDRESS
Address 7/16 Ansari Road Darya ganj
City New Delhi
Postal code 110002
300 ## - PHYSICAL DESCRIPTION
Extent 260p.
Dimensions 21c.m.
942 ## - ADDED ENTRY ELEMENTS (KOHA)
Source of classification or shelving scheme Dewey Decimal Classification
Item type English Books
Call number prefix N
Call number suffix SUB
Holdings
Withdrawn status Lost status Not for loan Collection code Home library Current library Date acquired Cost, normal purchase price Full call number Barcode Copy number Cost, replacement price Koha item type
      Fiction Kasturba Gandhi Marg Kasturba Gandhi Marg 22/10/2019 195.00 SUB B-215777 1 195.00 English Books

© Delhi Public Library
Hit Counter
free hit counter